000 00598nam a2200241 a 4500
001 nice12345678
003 IN_TiNIC
005 20260116012817.0
008 050524s1986 newa grp 000 0 eng
020 _a
_c95
082 0 0 _a954.0258
_bKIR
100 _aKirmani, Husain Ali Khan
245 _aHistory of Tipu Sultan
260 _aNew Delhi
_bAsian Educational Services
_c1986
300 _a186p
500 _aincludes index and biblioraphy
505 2 _aAppendix
650 _aTipu Sultan
700 1 _aKirmani, Husain Ali Khan
902 _bSRS
942 _cBK
999 _c8470
_d8470